000 01480nam a2200325 i 4500
003 EG-GICUC
005 20260419071632.0
008 260419s1983 ||| |||fr|||| 00| 0 Ara d
017 _a2610/83
040 _a EG-GICUC
_bara
_c EG-GICUC
_d EG-GICUC
_erda
041 _aAra
082 0 4 _221
_a343.3
_bق ا
092 0 4 _221
099 _aLaw1 10 343.3 ق ا 1983
245 0 0 _aقانون الإجراءات الجنائية وفقاً للتعديلات التى أدخلت عليه حتى أبريل سنة 1982 والتشريعات المكملة.
264 1 _a[مكان النشر غير محدد] :
_b[الناشر غير محدد]،
_c1983.
300 _a324 ؛صفحة
_c24 سم.
336 _2rda content
_atext
337 _2rda media
_aComputer
338 _2rda carrier
_aOnline Resource
490 _aالمحاماة
500 _aيشتمل هذا الملحق على قانون الإجراءات الجنائية وتعديلاته حالات وإجراءات الطعن بالنقض قانون حالة الطوارئ قانون حماية القيم قانون محاكم أمن الدولة تشريعات أخرى متفرقة
546 _aالنص باللغة العربية
650 1 _aقانون الإجراءات الجنائية
_2qrmak
650 1 _aالقانون الجنائى
_2qrmak
651 1 _2qrmak
856 4 0 _uhttps://fll.law.cu.edu.eg/fulltext/bks/B10-09898.pdf
905 _a54
942 _2ddc
_cBK
_e21
_n0
999 _c71718
_d71718